000 00649nab a2200193 4500
001 244442
003 OSt
005 20240116125456.0
007 tu
008 200917s2020|||||||
040 _aDE-2950
_cDE-2950
245 0 0 _aGenauere Diagnose möglich
_bGesundheit. Das Markendorfer Klinikum hat im Fachbereich Nuklearmedizin aufgerüstet. Patienten mit Herzerkrankungen profitieren von der neuen 'Technik/
_cPhilipp Stepputtis
264 _c2024
653 _aFrankfurt (Oder)
653 _aKlinikum
653 _aNuklearmedizin
773 0 _g35. Jahrgang (2024) Nr. 11 vom 13.01.2024, S. 15, mit Foto
_tMärkische Oderzeitung
942 _2z
_cA
999 _c372929
_d372929